Trouve les paroles de Maria de Jain - Statistiques

Statistiques générales
  • Ce quiz a été pris 5 fois
  • Le résultat moyen est 216 sur 225
Statistiques - réponses
Hint Réponse % Correct
.. a
100%
. | .. ah
100%
. Ah
100%
. all
100%
. and
100%
. | .. back
100%
.. But
100%
. by
100%
. could
100%
. | .. don't
100%
. eyes
100%
. face
100%
. for
100%
. hurts
100%
. I
100%
. Maria
100%
. me
100%
. | .. mercy
100%
. My
100%
. my
100%
. Oh
100%
. | .. oh
100%
. Please
100%
. Pray
100%
. say
100%
. see
100%
. Side
100%
. side
100%
. So
100%
. that
100%
. the
100%
. turn
100%
. up
100%
. We
100%
. wish
100%
. | .. you
100%
. your
100%
. ask
80%
. be
80%
. enough
80%
. | .. feel
80%
. guide
80%
. have
80%
. heart
80%
. Hope
80%
. in
80%
. is
80%
. it's
80%
. let
80%
. Light
80%
. Like
80%
. love
80%
. night
80%
. not
80%
. of
80%
. pressure
80%
. real
80%
. reflected
80%
. skin
80%
. something
80%
. sometimes
80%
.. stuff
80%
. this
80%
. to
80%
. under
80%
. Under
80%
. Understanding
80%
. break
60%
.. days
60%
. our
60%
. quake
60%
. tremors
60%
. Yeah
60%
Aucun quiz correspondant
Distribution des résultats
% des personnes avec chaque résultat
Percentile par nombre de réponses
Votre historique - résultats
Vous n’avez pas pris ce quiz